Model CAF alebo manažérstvo kvality v štátnej správe
Spoločný systém hodnotenia kvality (The Common Assessment Framework alebo model CAF 2002). Cieľom modelu CAF, je poskytovať jednoduchý a ľahko použiteľný koncept hodnotenia organizácií verejnej správy v krajinách Európskej únie. Štyri hlavné princípy modelu CAF. Výhody pre organizáciu aplikáciou mod...
Enregistré dans:
| Auteur principal: | |
|---|---|
| Format: | Chapitre de livre |
| Langue: | slovaque |
| Sujets: | |
| Tags: |
Pas de tags, Soyez le premier à ajouter un tag!
|
MARC
| LEADER | 00000naa$a2200000$$$4500 | ||
|---|---|---|---|
| 001 | 0021259 | ||
| 005 | 20231011134601.9 | ||
| 041 | 0 | |a slo | |
| 044 | |a SK | ||
| 245 | 1 | 0 | |a Model CAF alebo manažérstvo kvality v štátnej správe |c Monika Jurkovičová |
| 520 | |a Spoločný systém hodnotenia kvality (The Common Assessment Framework alebo model CAF 2002). Cieľom modelu CAF, je poskytovať jednoduchý a ľahko použiteľný koncept hodnotenia organizácií verejnej správy v krajinách Európskej únie. Štyri hlavné princípy modelu CAF. Výhody pre organizáciu aplikáciou modelu CAF. Pilotný projekt. Harmonogram multiprojektu. | ||
| 610 | 2 | 0 | |a správa štátna |
| 610 | 2 | 0 | |a projekty |
| 610 | 2 | 0 | |a harmonogramy |
| 610 | 2 | 0 | |a správa verejná |
| 610 | 2 | 0 | |a riadenie kvality |
| 610 | 2 | 0 | |a model CAF |
| 100 | 1 | |a Jurkovičová, Monika | |